| 000 | 01010cam a22002774a 4500 | ||
|---|---|---|---|
| 005 | 20260322212036.0 | ||
| 008 | data | ||
| 010 | _a 2004060938 | ||
| 020 | _a1592851568 | ||
| 020 | _a9781592851560 | ||
| 040 |
_aDLC _cDLC _dDLC |
||
| 042 | _apcc | ||
| 050 | 0 | 0 |
_aHV5824.C42 _bS87 2005 |
| 082 | 0 | 0 |
_a616.86/092/2 _222 |
| 092 | _a616.86 S87 2005 | ||
| 100 | 1 |
_aStromberg, Gary, _d1942- |
|
| 245 | 1 | 4 |
_aThe harder they fall : _bcelebrities tell their real-life stories of addiction and recovery / _cGary Stromberg & Jane Merrill. |
| 260 |
_aCenter City, Minn. : _bHazelden, _c2005. |
||
| 300 |
_axiii, 331 p. ; _c24 cm. |
||
| 650 | 0 |
_aCelebrities _xDrug use. |
|
| 700 | 1 | _aMerrill, Jane. | |
| 856 | 4 | 1 |
_3Table of contents only _uhttp://www.loc.gov/catdir/toc/fy054/2004060938.html |
| 856 | 4 | 2 |
_3Publisher description _uhttp://www.loc.gov/catdir/enhancements/fy0618/2004060938-d.html |
| 856 | 4 | 2 |
_3Contributor biographical information _uhttp://www.loc.gov/catdir/enhancements/fy0735/2004060938-b.html |
| 001 | data | ||
| 999 |
_c841 _d841 |
||